00326nam a2200121Ia 4500008004100000041000800041082001200049100001600061245004500077260004000122300003100162365001100193240624s9999 xx 000 0 und d aeng a828 PRA aPRADHAN G K aTOWARDS THE SILVER CRESTS OF THE HIMALAY c2011aMumbaibBhartiya Vidya Bhavan axxv, : 282 : p. : cm. ; 26 cRSb25